Pass Finals: (Record no. 84966)
[ view plain ]
| 000 -LEADER | |
|---|---|
| fixed length control field | 01083oam a2200313 a 4500 |
| 001 - CONTROL NUMBER | |
| control field | 99283634902419 |
| 003 - CONTROL NUMBER IDENTIFIER | |
| control field | CBULib |
| 005 - DATE AND TIME OF LATEST TRANSACTION | |
| control field | 20240424133834.0 |
| 008 - FIXED-LENGTH DATA ELEMENTS--GENERAL INFORMATION | |
| fixed length control field | 240424b |||||||| |||| 00| 0 eng d |
| 010 ## - LIBRARY OF CONGRESS CONTROL NUMBER | |
| LC control number | 9780702028779 |
| 010 ## - LIBRARY OF CONGRESS CONTROL NUMBER | |
| LC control number | 0702028770 |
| 035 ## - SYSTEM CONTROL NUMBER | |
| System control number | (WlAbNL)4558322-44whelf_nlw |
| 035 ## - SYSTEM CONTROL NUMBER | |
| System control number | (WlAbNL)vtls004558322 |
| 035 ## - SYSTEM CONTROL NUMBER | |
| System control number | (WlAbNL)(DNLM)101298245 |
| 035 ## - SYSTEM CONTROL NUMBER | |
| System control number | (WlAbNL)(DLC)2007003628 |
| 035 ## - SYSTEM CONTROL NUMBER | |
| System control number | (WlAbNL)(UkLCURL)982007003628 |
| 035 ## - SYSTEM CONTROL NUMBER | |
| System control number | (WlAbNL)813736 |
| 035 ## - SYSTEM CONTROL NUMBER | |
| System control number | (WlAbNL)(WlCaUW)813736 |
| 035 ## - SYSTEM CONTROL NUMBER | |
| System control number | (WlAbNL)(UkLCURL)24813736 |
| 040 ## - CATALOGING SOURCE | |
| Transcribing agency | CBULib |
| 100 ## - MAIN ENTRY--PERSONAL NAME | |
| Personal name | 20070126d2008 uy 0 |
| 210 ## - ABBREVIATED TITLE | |
| Abbreviated title | Edinburgh ; |
| -- | New York |
| 245 ## - TITLE STATEMENT | |
| Title | Pass Finals: |
| Remainder of title | A companion to kumar & Clark's Clinical Medicine |
| Statement of responsibility, etc. | / By Geoff Smith |
| 260 ## - PUBLICATION, DISTRIBUTION, ETC. | |
| Place of publication, distribution, etc. | london |
| Date of publication, distribution, etc. | 2004 |
| 300 ## - PHYSICAL DESCRIPTION | |
| Extent | Companion vol. to: Kumar & Clark clinical medicine / edited by Parveen Kumar, Michael Clark. 6th ed. 2005. |
| 700 ## - ADDED ENTRY--PERSONAL NAME | |
| Personal name | Smith |
| Numeration | Geoff |
| Miscellaneous information | (Geoff V.) |
| 856 41 - ELECTRONIC LOCATION AND ACCESS | |
| Materials specified | Table of contents only |
| Uniform Resource Identifier | <a href="http://www.loc.gov/catdir/toc/ecip079/2007003628.html">http://www.loc.gov/catdir/toc/ecip079/2007003628.html</a> |
| 942 ## - ADDED ENTRY ELEMENTS (KOHA) | |
| Source of classification or shelving scheme | |
| Koha item type | MONOGRAPH |
| Suppress in OPAC | No |
| Withdrawn status | Lost status | Source of classification or shelving scheme | Damaged status | Not for loan | Collection code | Home library | Current library | Shelving location | Date acquired | Inventory number | Total Checkouts | Barcode | Date last seen | Date last checked out | Price effective from | Koha item type |
|---|---|---|---|---|---|---|---|---|---|---|---|---|---|---|---|---|
| Medical Library Collection | CBU-SCHOOL OF MEDICINE LIBRARY, NDOLA. | CBU-SCHOOL OF MEDICINE LIBRARY, NDOLA. | School of Medicine Collection - Hospital Campus | 04/24/2024 | RC 58 Smi | 6 | 901535 | 12/09/2025 | 11/17/2025 | 04/24/2024 | MONOGRAPH |